Normal view
MARC view
- STABILITY OF AIRPLANERS, AIRPLANES- CONTROL. AIRCRAFT SYSTEMS STABILITY AND CONTROL
Entry Topical Term
001 - CONTROL NUMBER
- control field: 65072
003 - CONTROL NUMBER IDENTIFIER
- control field: NUST
005 - DATE AND TIME OF LATEST TRANSACTION
- control field: 20210628203357.0
008 - FIXED-LENGTH DATA ELEMENTS
- fixed length control field: 210628|| aca||aabn | a|a d
040 ## - CATALOGING SOURCE
- Original cataloging agency: NUST
- Transcribing agency: NUST
150 ## - HEADING--TOPICAL TERM
- Topical term or geographic name entry element: STABILITY OF AIRPLANERS, AIRPLANES- CONTROL. AIRCRAFT SYSTEMS STABILITY AND CONTROL
670 ## - SOURCE DATA FOUND
- Source citation: Work cat.: (NUST): Langton, Roy 65071, Stability and control of aircraft systems , introduction to classical feedback control, 2006
